[Event "ODJM A 2025"]
[Site "Willingen GER"]
[Date "2025.06.14"]
[Round "9"]
[White "Beduschi, Ben"]
[Black "Arp, Piotr"]
[Result "1-0"]
[Termination "normal"]
[Board "23"]
[WhiteElo "2017"]
[BlackElo "1863"]
[WhiteClock "00:06:53"]
[BlackClock "00:20:24"]
[PlyCount "91"]
[WhiteFideId "16273443"]
[BlackFideId "34657398"]
[EventCountry "GER"]
[EventRounds "9"]
[EventType "swiss"]
[EventDate "2025.06.07"]

1. Nf3 {[%clk 01:30:52]} {[%emt 00:00:05]} Nf6 {[%clk 01:30:56]} {[%emt
00:00:07]} 2. g3 {[%clk 01:30:57]} {[%emt 00:00:25]} g6 {[%clk 01:31:19]}
{[%emt 00:00:08]} 3. b3 {[%clk 01:31:21]} {[%emt 00:00:05]} Bg7 {[%clk
01:31:40]} {[%emt 00:00:09]} 4. Bb2 {[%clk 01:31:44]} {[%emt 00:00:07]} c5
{[%clk 01:31:23]} {[%emt 00:00:47]} 5. c4 {[%clk 01:32:05]} {[%emt 00:00:09]}
O-O {[%clk 01:31:49]} {[%emt 00:00:04]} 6. Bg2 {[%clk 01:32:26]} {[%emt
00:00:08]} d5 {[%clk 01:32:09]} {[%emt 00:00:11]} 7. cxd5 {[%clk 01:32:32]}
{[%emt 00:00:23]} Nxd5 {[%clk 01:32:25]} {[%emt 00:00:14]} 8. Bxg7 {[%clk
01:32:10]} {[%emt 00:00:53]} Kxg7 {[%clk 01:32:51]} {[%emt 00:00:03]} 9. O-O
{[%clk 01:32:18]} {[%emt 00:00:22]} Nc6 {[%clk 01:32:44]} {[%emt 00:00:38]} 10.
d4 {[%clk 01:28:40]} {[%emt 00:04:08]} cxd4 {[%clk 01:30:09]} {[%emt 00:03:06]}
11. Nxd4 {[%clk 01:28:57]} {[%emt 00:00:12]} Nxd4 {[%clk 01:27:28]} {[%emt
00:03:11]} 12. Qxd4+ {[%clk 01:29:18]} {[%emt 00:00:09]} Nf6 {[%clk 01:27:55]}
{[%emt 00:00:03]} 13. Qe5 {[%clk 01:24:01]} {[%emt 00:05:46]} Qd7 {[%clk
01:10:07]} {[%emt 00:18:18]} 14. Nc3 {[%clk 01:16:36]} {[%emt 00:07:55]} Qe6
{[%clk 01:09:35]} {[%emt 00:01:03]} 15. Qxe6 {[%clk 01:15:31]} {[%emt
00:01:35]} fxe6 {[%clk 01:09:32]} {[%emt 00:00:33]} 16. Rac1 {[%clk 00:42:59]}
{[%emt 00:33:02]} Rb8 {[%clk 01:03:30]} {[%emt 00:06:33]} 17. Na4 {[%clk
00:33:24]} {[%emt 00:10:04]} b5 {[%clk 01:01:53]} {[%emt 00:02:06]} 18. Nc5
{[%clk 00:33:06]} {[%emt 00:00:48]} Rd8 {[%clk 01:00:27]} {[%emt 00:01:56]} 19.
Rfd1 {[%clk 00:29:51]} {[%emt 00:03:45]} Rxd1+ {[%clk 01:00:49]} {[%emt
00:00:09]} 20. Rxd1 {[%clk 00:30:19]} {[%emt 00:00:01]} Nd5 {[%clk 00:50:03]}
{[%emt 00:11:16]} 21. Bxd5 {[%clk 00:24:22]} {[%emt 00:06:27]} exd5 {[%clk
00:50:28]} {[%emt 00:00:05]} 22. Rxd5 {[%clk 00:24:32]} {[%emt 00:00:20]} Bh3
{[%clk 00:49:22]} {[%emt 00:01:36]} 23. f3 {[%clk 00:22:26]} {[%emt 00:02:36]}
h5 {[%clk 00:48:22]} {[%emt 00:01:31]} 24. b4 {[%clk 00:19:57]} {[%emt
00:02:58]} Kf6 {[%clk 00:45:45]} {[%emt 00:03:08]} 25. a3 {[%clk 00:14:08]}
{[%emt 00:06:19]} Bf5 {[%clk 00:42:36]} {[%emt 00:03:39]} 26. e4 {[%clk
00:13:46]} {[%emt 00:00:50]} Be6 {[%clk 00:42:15]} {[%emt 00:00:52]} 27. Nxe6
{[%clk 00:13:03]} {[%emt 00:01:13]} Kxe6 {[%clk 00:42:41]} {[%emt 00:00:05]}
28. Kf2 {[%clk 00:12:55]} {[%emt 00:00:37]} Rc8 {[%clk 00:41:55]} {[%emt
00:01:17]} 29. Rxb5 {[%clk 00:10:34]} {[%emt 00:02:49]} Rc2+ {[%clk 00:42:09]}
{[%emt 00:00:16]} 30. Kg1 {[%clk 00:10:28]} {[%emt 00:00:37]} Rc1+ {[%clk
00:42:32]} {[%emt 00:00:07]} 31. Kf2 {[%clk 00:10:29]} {[%emt 00:00:29]} Rc2+
{[%clk 00:42:45]} {[%emt 00:00:18]} 32. Kg1 {[%clk 00:07:46]} {[%emt 00:03:12]}
Rc1+ {[%clk 00:42:56]} {[%emt 00:00:19]} 33. Kg2 {[%clk 00:08:14]} {[%emt
00:00:01]} Rc2+ {[%clk 00:42:26]} {[%emt 00:01:01]} 34. Kh3 {[%clk 00:08:07]}
{[%emt 00:00:38]} Rc3 {[%clk 00:42:26]} {[%emt 00:00:29]} 35. Ra5 {[%clk
00:08:18]} {[%emt 00:00:19]} Rxf3 {[%clk 00:42:30]} {[%emt 00:00:26]} 36. Rxa7
{[%clk 00:08:40]} {[%emt 00:00:09]} Re3 {[%clk 00:40:45]} {[%emt 00:02:15]} 37.
b5 {[%clk 00:07:29]} {[%emt 00:01:40]} Rxe4 {[%clk 00:38:13]} {[%emt 00:03:03]}
38. b6 {[%clk 00:07:04]} {[%emt 00:00:55]} Kd6 {[%clk 00:37:31]} {[%emt
00:01:11]} 39. a4 {[%clk 00:06:44]} {[%emt 00:00:51]} Rb4 {[%clk 00:34:58]}
{[%emt 00:03:03]} 40. a5 {[%clk 00:07:00]} {[%emt 00:00:13]} g5 {[%clk
00:32:19]} {[%emt 00:03:09]} 41. b7 {[%clk 00:05:27]} {[%emt 00:02:03]} Kc7
{[%clk 00:23:46]} {[%emt 00:09:03]} 42. a6 {[%clk 00:05:40]} {[%emt 00:00:17]}
g4+ {[%clk 00:19:37]} {[%emt 00:04:39]} 43. Kg2 {[%clk 00:05:31]} {[%emt
00:00:39]} Rb2+ {[%clk 00:19:52]} {[%emt 00:00:16]} 44. Kg1 {[%clk 00:05:59]}
{[%emt 00:00:02]} Rb1+ {[%clk 00:20:11]} {[%emt 00:00:11]} 45. Kf2 {[%clk
00:06:26]} {[%emt 00:00:02]} Rb2+ {[%clk 00:20:24]} {[%emt 00:00:17]} 46. Ke3
{[%clk 00:06:53]} {[%emt 00:00:03]} 1-0

[Event "ODJM A 2025"]
[Site "Willingen GER"]
[Date "2025.06.14"]
[Round "9"]
[White "Matthes, Benjamin"]
[Black "Tulchynsky, Mark"]
[Result "1-0"]
[Termination "normal"]
[Board "24"]
[WhiteElo "1981"]
[BlackElo "1810"]
[WhiteClock "00:01:28"]
[BlackClock "01:06:16"]
[PlyCount "93"]
[WhiteFideId "16227298"]
[BlackFideId "34617698"]
[EventCountry "GER"]
[EventRounds "9"]
[EventType "swiss"]
[EventDate "2025.06.07"]

1. e4 {[%clk 01:30:55]} {[%emt 00:00:05]} c6 {[%clk 01:30:52]} {[%emt
00:00:08]} 2. d4 {[%clk 01:31:20]} {[%emt 00:00:05]} d5 {[%clk 01:31:17]}
{[%emt 00:00:05]} 3. f3 {[%clk 01:31:45]} {[%emt 00:00:04]} Qb6 {[%clk
01:31:12]} {[%emt 00:00:35]} 4. Nc3 {[%clk 01:31:15]} {[%emt 00:01:00]} dxe4
{[%clk 01:31:30]} {[%emt 00:00:13]} 5. fxe4 {[%clk 01:31:30]} {[%emt 00:00:16]}
e5 {[%clk 01:31:54]} {[%emt 00:00:05]} 6. Nf3 {[%clk 01:31:51]} {[%emt
00:00:08]} exd4 {[%clk 01:24:30]} {[%emt 00:07:55]} 7. Nxd4 {[%clk 01:32:11]}
{[%emt 00:00:10]} Bc5 {[%clk 01:23:13]} {[%emt 00:01:46]} 8. Na4 {[%clk
01:32:34]} {[%emt 00:00:07]} Qa5+ {[%clk 01:23:38]} {[%emt 00:00:05]} 9. c3
{[%clk 01:32:59]} {[%emt 00:00:05]} Bxd4 {[%clk 01:14:34]} {[%emt 00:09:35]}
10. Qxd4 {[%clk 01:32:47]} {[%emt 00:00:41]} Nf6 {[%clk 01:14:25]} {[%emt
00:00:40]} 11. e5 {[%clk 01:21:41]} {[%emt 00:11:36]} Nd5 {[%clk 01:14:27]}
{[%emt 00:00:27]} 12. Bd3 {[%clk 01:21:45]} {[%emt 00:00:26]} Be6 {[%clk
01:08:40]} {[%emt 00:06:18]} 13. Nc5 {[%clk 01:16:47]} {[%emt 00:05:28]} Qc7
{[%clk 01:03:03]} {[%emt 00:06:07]} 14. O-O {[%clk 01:13:03]} {[%emt 00:04:14]}
Nd7 {[%clk 01:02:32]} {[%emt 00:01:02]} 15. Nxe6 {[%clk 01:10:22]} {[%emt
00:03:10]} fxe6 {[%clk 01:02:46]} {[%emt 00:00:15]} 16. Bg5 {[%clk 01:02:07]}
{[%emt 00:08:46]} Qxe5 {[%clk 00:56:00]} {[%emt 00:07:15]} 17. Qg4 {[%clk
00:56:11]} {[%emt 00:06:26]} N5f6 {[%clk 00:51:55]} {[%emt 00:04:35]} 18. Bxf6
{[%clk 00:54:25]} {[%emt 00:02:16]} Nxf6 {[%clk 00:45:57]} {[%emt 00:06:29]}
19. Qxg7 {[%clk 00:49:51]} {[%emt 00:05:03]} O-O-O {[%clk 00:46:11]} {[%emt
00:00:16]} 20. Qxf6 {[%clk 00:31:08]} {[%emt 00:19:14]} Qxf6 {[%clk 00:46:10]}
{[%emt 00:00:31]} 21. Rxf6 {[%clk 00:31:32]} {[%emt 00:00:05]} Rxd3 {[%clk
00:46:37]} {[%emt 00:00:03]} 22. Re1 {[%clk 00:31:21]} {[%emt 00:00:40]} Re8
{[%clk 00:45:52]} {[%emt 00:01:16]} 23. Rfxe6 {[%clk 00:27:32]} {[%emt
00:04:21]} Rxe6 {[%clk 00:46:07]} {[%emt 00:00:14]} 24. Rxe6 {[%clk 00:27:57]}
{[%emt 00:00:05]} Rd2 {[%clk 00:46:08]} {[%emt 00:00:29]} 25. Re8+ {[%clk
00:27:52]} {[%emt 00:00:35]} Kd7 {[%clk 00:46:02]} {[%emt 00:00:36]} 26. Rh8
{[%clk 00:28:00]} {[%emt 00:00:21]} Rxb2 {[%clk 00:46:27]} {[%emt 00:00:06]}
27. Rxh7+ {[%clk 00:28:26]} {[%emt 00:00:04]} Ke6 {[%clk 00:46:52]} {[%emt
00:00:05]} 28. h4 {[%clk 00:28:00]} {[%emt 00:00:56]} Kf6 {[%clk 00:46:02]}
{[%emt 00:01:20]} 29. Kh2 {[%clk 00:25:35]} {[%emt 00:02:55]} a5 {[%clk
00:45:33]} {[%emt 00:00:59]} 30. a4 {[%clk 00:17:15]} {[%emt 00:08:51]} Ra2
{[%clk 00:42:54]} {[%emt 00:03:09]} 31. Rxb7 {[%clk 00:08:01]} {[%emt
00:09:44]} Rxa4 {[%clk 00:43:19]} {[%emt 00:00:05]} 32. g3 {[%clk 00:06:50]}
{[%emt 00:01:40]} Rc4 {[%clk 00:43:13]} {[%emt 00:00:37]} 33. Rb3 {[%clk
00:04:42]} {[%emt 00:02:37]} a4 {[%clk 00:43:07]} {[%emt 00:00:36]} 34. Ra3
{[%clk 00:04:32]} {[%emt 00:00:41]} Kf5 {[%clk 00:42:59]} {[%emt 00:00:37]} 35.
Kh3 {[%clk 00:04:57]} {[%emt 00:00:04]} c5 {[%clk 00:41:54]} {[%emt 00:01:36]}
36. Ra1 {[%clk 00:05:12]} {[%emt 00:00:16]} Kg6 {[%clk 00:42:23]} 37. Ra3
{[%clk 00:03:59]} {[%emt 00:01:43]} Kf5 {[%clk 00:42:31]} {[%emt 00:00:21]} 38.
Ra1 {[%clk 00:04:25]} {[%emt 00:00:05]} Kg6 {[%clk 00:42:55]} {[%emt 00:00:06]}
39. Ra2 {[%clk 00:04:49]} {[%emt 00:00:05]} Kh6 {[%clk 00:42:33]} {[%emt
00:00:53]} 40. Rc2 {[%clk 00:04:02]} {[%emt 00:01:17]} Kh5 {[%clk 00:41:17]}
{[%emt 00:01:45]} 41. Ra2 {[%clk 00:22:45]} {[%emt 00:11:48]} Kg6 {[%clk
01:10:14]} {[%emt 00:01:33]} 42. Rc2 {[%clk 00:13:04]} {[%emt 00:10:11]} Kh5
{[%clk 01:10:37]} {[%emt 00:00:07]} 43. Rc1 {[%clk 00:13:26]} {[%emt 00:00:07]}
Re4 {[%clk 01:07:40]} {[%emt 00:03:27]} 44. Rd1 {[%clk 00:04:30]} {[%emt
00:09:26]} Rc4 {[%clk 01:07:54]} {[%emt 00:00:17]} 45. Rd5+ {[%clk 00:01:20]}
{[%emt 00:03:40]} Kg6 {[%clk 01:08:22]} {[%emt 00:00:02]} 46. Rd6+ {[%clk
00:01:42]} {[%emt 00:00:08]} Kh5 {[%clk 01:06:16]} {[%emt 00:02:36]} 47. g4+
{[%clk 00:01:28]} {[%emt 00:00:44]} 1-0

[Event "ODJM A 2025"]
[Site "Willingen GER"]
[Date "2025.06.14"]
[Round "9"]
[White "Heimann, Alexander"]
[Black "Ye, Philipp"]
[Result "1/2-1/2"]
[Termination "normal"]
[Board "25"]
[WhiteElo "1930"]
[BlackElo "1863"]
[WhiteClock "01:13:50"]
[BlackClock "01:11:09"]
[PlyCount "42"]
[WhiteFideId "16215346"]
[BlackFideId "34646787"]
[EventCountry "GER"]
[EventRounds "9"]
[EventType "swiss"]
[EventDate "2025.06.07"]

1. d4 {[%clk 01:30:48]} {[%emt 00:00:11]} d5 {[%clk 01:30:45]} {[%emt
00:00:15]} 2. c4 {[%clk 01:30:42]} {[%emt 00:00:37]} c6 {[%clk 01:31:07]}
{[%emt 00:00:07]} 3. Nc3 {[%clk 01:29:10]} {[%emt 00:02:02]} Nf6 {[%clk
01:31:25]} {[%emt 00:00:12]} 4. cxd5 {[%clk 01:29:03]} {[%emt 00:00:37]} cxd5
{[%clk 01:31:47]} {[%emt 00:00:08]} 5. Nf3 {[%clk 01:29:15]} {[%emt 00:00:19]}
Nc6 {[%clk 01:32:05]} {[%emt 00:00:11]} 6. Bf4 {[%clk 01:28:15]} {[%emt
00:01:30]} a6 {[%clk 01:32:27]} {[%emt 00:00:08]} 7. Rc1 {[%clk 01:26:49]}
{[%emt 00:01:55]} Bf5 {[%clk 01:32:35]} {[%emt 00:00:23]} 8. a3 {[%clk
01:25:15]} {[%emt 00:02:04]} e6 {[%clk 01:31:45]} {[%emt 00:01:19]} 9. e3
{[%clk 01:24:38]} {[%emt 00:01:08]} Bd6 {[%clk 01:31:18]} {[%emt 00:00:57]} 10.
Bg3 {[%clk 01:24:40]} {[%emt 00:00:29]} O-O {[%clk 01:30:45]} {[%emt 00:01:02]}
11. Bd3 {[%clk 01:24:56]} {[%emt 00:00:14]} Bxd3 {[%clk 01:30:09]} {[%emt
00:01:05]} 12. Qxd3 {[%clk 01:25:16]} {[%emt 00:00:11]} Rc8 {[%clk 01:29:27]}
{[%emt 00:01:11]} 13. O-O {[%clk 01:21:52]} {[%emt 00:03:53]} Bxg3 {[%clk
01:24:20]} {[%emt 00:05:39]} 14. hxg3 {[%clk 01:22:10]} {[%emt 00:00:12]} Qa5
{[%clk 01:19:33]} {[%emt 00:05:17]} 15. Nd2 {[%clk 01:19:44]} {[%emt 00:02:56]}
b5 {[%clk 01:17:24]} {[%emt 00:02:38]} 16. Nb3 {[%clk 01:16:37]} {[%emt
00:03:38]} Qb6 {[%clk 01:17:26]} {[%emt 00:00:27]} 17. Nc5 {[%clk 01:16:03]}
{[%emt 00:01:04]} Na5 {[%clk 01:15:31]} {[%emt 00:02:26]} 18. b4 {[%clk
01:15:11]} {[%emt 00:01:22]} Nc4 {[%clk 01:15:34]} {[%emt 00:00:28]} 19. Ra1
{[%clk 01:14:42]} {[%emt 00:00:58]} Ra8 {[%clk 01:13:35]} {[%emt 00:02:29]} 20.
Rfb1 {[%clk 01:14:50]} {[%emt 00:00:22]} Rfb8 {[%clk 01:13:24]} {[%emt
00:00:41]} 21. a4 {[%clk 01:13:50]} {[%emt 00:01:29]} h6 {[%clk 01:11:09]}
{[%emt 00:02:44]} 1/2-1/2

[Event "ODJM A 2025"]
[Site "Willingen GER"]
[Date "2025.06.14"]
[Round "9"]
[White "Schilling, Rumo"]
[Black "Fellberg, Justus"]
[Result "1/2-1/2"]
[Termination "normal"]
[Board "26"]
[WhiteElo "1852"]
[BlackElo "1812"]
[WhiteClock "00:07:25"]
[BlackClock "00:00:52"]
[PlyCount "182"]
[WhiteFideId "16283139"]
[BlackFideId "34608990"]
[EventCountry "GER"]
[EventRounds "9"]
[EventType "swiss"]
[EventDate "2025.06.07"]

1. d4 {[%clk 01:30:59]} {[%emt 00:00:21]} Nf6 {[%clk 01:30:57]} {[%emt
00:00:03]} 2. c4 {[%clk 01:31:26]} {[%emt 00:00:03]} e6 {[%clk 01:30:46]}
{[%emt 00:00:42]} 3. Nf3 {[%clk 01:30:14]} {[%emt 00:01:42]} d5 {[%clk
01:31:04]} {[%emt 00:00:12]} 4. cxd5 {[%clk 01:30:31]} {[%emt 00:00:13]} exd5
{[%clk 01:31:28]} {[%emt 00:00:05]} 5. Nc3 {[%clk 01:30:49]} {[%emt 00:00:13]}
c6 {[%clk 01:21:59]} {[%emt 00:10:00]} 6. Qc2 {[%clk 01:26:55]} {[%emt
00:04:23]} Bd6 {[%clk 01:21:52]} {[%emt 00:00:36]} 7. Bg5 {[%clk 01:26:54]}
{[%emt 00:00:31]} h6 {[%clk 01:21:45]} {[%emt 00:00:37]} 8. Bh4 {[%clk
01:26:55]} {[%emt 00:00:29]} Be6 {[%clk 01:17:18]} {[%emt 00:04:57]} 9. e3
{[%clk 01:25:42]} {[%emt 00:01:44]} Nbd7 {[%clk 01:16:07]} {[%emt 00:01:40]}
10. a3 {[%clk 01:21:29]} {[%emt 00:04:43]} Qa5 {[%clk 01:11:06]} {[%emt
00:05:31]} 11. Bd3 {[%clk 01:15:57]} {[%emt 00:06:02]} Rc8 {[%clk 01:04:05]}
{[%emt 00:07:31]} 12. O-O {[%clk 01:12:43]} {[%emt 00:03:44]} O-O {[%clk
01:02:27]} {[%emt 00:02:08]} 13. b4 {[%clk 01:10:12]} {[%emt 00:03:01]} Qc7
{[%clk 01:00:05]} {[%emt 00:02:53]} 14. Rfc1 {[%clk 00:50:16]} {[%emt
00:20:25]} Qb8 {[%clk 00:49:55]} {[%emt 00:10:40]} 15. Bg3 {[%clk 00:43:47]}
{[%emt 00:06:59]} Bxg3 {[%clk 00:35:51]} {[%emt 00:14:34]} 16. hxg3 {[%clk
00:44:11]} {[%emt 00:00:06]} Ne8 {[%clk 00:32:43]} {[%emt 00:03:38]} 17. Na4
{[%clk 00:33:52]} {[%emt 00:10:50]} Nd6 {[%clk 00:28:04]} {[%emt 00:05:08]} 18.
Nc5 {[%clk 00:31:06]} {[%emt 00:03:16]} Rfe8 {[%clk 00:21:25]} {[%emt
00:07:09]} 19. Nxd7 {[%clk 00:21:00]} {[%emt 00:10:36]} Bxd7 {[%clk 00:21:47]}
{[%emt 00:00:08]} 20. Ne5 {[%clk 00:21:26]} {[%emt 00:00:04]} Be6 {[%clk
00:18:59]} {[%emt 00:03:18]} 21. Qe2 {[%clk 00:21:25]} {[%emt 00:00:31]} f6
{[%clk 00:17:37]} {[%emt 00:01:53]} 22. Ng6 {[%clk 00:20:56]} {[%emt 00:00:58]}
Bf7 {[%clk 00:16:26]} {[%emt 00:01:41]} 23. Qg4 {[%clk 00:18:50]} {[%emt
00:02:36]} Ne4 {[%clk 00:13:33]} {[%emt 00:03:23]} 24. Nf4 {[%clk 00:15:45]}
{[%emt 00:03:35]} Qd6 {[%clk 00:10:38]} {[%emt 00:03:25]} 25. Rc2 {[%clk
00:13:26]} {[%emt 00:02:49]} a6 {[%clk 00:10:03]} {[%emt 00:01:05]} 26. f3
{[%clk 00:12:14]} {[%emt 00:01:42]} Ng5 {[%clk 00:09:46]} {[%emt 00:00:48]} 27.
Kf2 {[%clk 00:12:36]} {[%emt 00:00:06]} Rc7 {[%clk 00:08:41]} {[%emt 00:01:36]}
28. Rh1 {[%clk 00:10:06]} {[%emt 00:03:01]} Rd8 {[%clk 00:04:12]} {[%emt
00:04:59]} 29. Nh5 {[%clk 00:07:08]} {[%emt 00:03:27]} Be6 {[%clk 00:03:51]}
{[%emt 00:00:51]} 30. Bf5 {[%clk 00:07:15]} {[%emt 00:00:23]} Bxf5 {[%clk
00:03:15]} {[%emt 00:01:07]} 31. Qxf5 {[%clk 00:07:39]} {[%emt 00:00:05]} Qe6
{[%clk 00:03:19]} {[%emt 00:00:26]} 32. Qd3 {[%clk 00:06:59]} {[%emt 00:01:10]}
Re7 {[%clk 00:03:27]} {[%emt 00:00:22]} 33. Nf4 {[%clk 00:06:08]} {[%emt
00:01:21]} Qd7 {[%clk 00:02:51]} {[%emt 00:01:05]} 34. Rb1 {[%clk 00:05:59]}
{[%emt 00:00:39]} Rde8 {[%clk 00:03:03]} {[%emt 00:00:19]} 35. Re2 {[%clk
00:06:12]} {[%emt 00:00:17]} Rd8 {[%clk 00:02:21]} {[%emt 00:01:12]} 36. Qb3
{[%clk 00:05:28]} {[%emt 00:01:14]} Rf7 {[%clk 00:01:35]} {[%emt 00:01:16]} 37.
a4 {[%clk 00:05:15]} {[%emt 00:00:43]} Re8 {[%clk 00:01:23]} {[%emt 00:00:42]}
38. b5 {[%clk 00:05:15]} {[%emt 00:00:30]} axb5 {[%clk 00:01:40]} {[%emt
00:00:13]} 39. axb5 {[%clk 00:05:39]} {[%emt 00:00:06]} Rc8 {[%clk 00:01:30]}
{[%emt 00:00:40]} 40. bxc6 {[%clk 00:04:18]} {[%emt 00:01:51]} bxc6 {[%clk
00:01:34]} {[%emt 00:00:27]} 41. Rc2 {[%clk 00:26:54]} {[%emt 00:07:53]} Qe8
{[%clk 00:24:02]} {[%emt 00:08:02]} 42. Rbc1 {[%clk 00:25:59]} {[%emt
00:01:26]} Rb8 {[%clk 00:22:43]} {[%emt 00:01:49]} 43. Qa4 {[%clk 00:18:11]}
{[%emt 00:08:17]} Re7 {[%clk 00:18:20]} {[%emt 00:04:52]} 44. Qxc6 {[%clk
00:17:51]} {[%emt 00:00:51]} Rxe3 {[%clk 00:18:30]} {[%emt 00:00:21]} 45. Qxd5+
{[%clk 00:16:00]} {[%emt 00:02:20]} Nf7 {[%clk 00:18:53]} {[%emt 00:00:07]} 46.
Rc7 {[%clk 00:11:23]} {[%emt 00:05:08]} Re7 {[%clk 00:16:26]} {[%emt 00:02:57]}
47. Rxe7 {[%clk 00:11:36]} {[%emt 00:00:17]} Qxe7 {[%clk 00:16:52]} {[%emt
00:00:03]} 48. Re1 {[%clk 00:11:39]} {[%emt 00:00:26]} Qd8 {[%clk 00:12:03]}
{[%emt 00:05:20]} 49. Qxd8+ {[%clk 00:10:56]} {[%emt 00:01:13]} Rxd8 {[%clk
00:12:27]} {[%emt 00:00:06]} 50. Rd1 {[%clk 00:11:03]} {[%emt 00:00:23]} Ne5
{[%clk 00:09:30]} {[%emt 00:03:27]} 51. g4 {[%clk 00:09:44]} {[%emt 00:01:49]}
Kf7 {[%clk 00:09:24]} {[%emt 00:00:36]} 52. Ke2 {[%clk 00:09:14]} {[%emt
00:01:00]} Nc4 {[%clk 00:08:40]} {[%emt 00:01:14]} 53. Kf2 {[%clk 00:08:39]}
{[%emt 00:01:04]} Nb6 {[%clk 00:08:19]} {[%emt 00:00:51]} 54. Ke3 {[%clk
00:08:47]} {[%emt 00:00:22]} Nc4+ {[%clk 00:08:41]} {[%emt 00:00:08]} 55. Ke4
{[%clk 00:08:40]} {[%emt 00:00:38]} Re8+ {[%clk 00:09:05]} {[%emt 00:00:07]}
56. Kd3 {[%clk 00:08:03]} {[%emt 00:01:06]} Nb2+ {[%clk 00:09:29]} {[%emt
00:00:07]} 57. Kd2 {[%clk 00:08:25]} {[%emt 00:00:08]} Nxd1 {[%clk 00:09:50]}
{[%emt 00:00:08]} 58. Kxd1 {[%clk 00:08:50]} {[%emt 00:00:04]} Rd8 {[%clk
00:09:58]} {[%emt 00:00:22]} 59. Ne2 {[%clk 00:09:15]} {[%emt 00:00:06]} Rd5
{[%clk 00:08:40]} {[%emt 00:01:48]} 60. Ke1 {[%clk 00:09:00]} {[%emt 00:00:45]}
g5 {[%clk 00:06:04]} {[%emt 00:03:06]} 61. Kf2 {[%clk 00:09:07]} {[%emt
00:00:23]} f5 {[%clk 00:04:58]} {[%emt 00:01:36]} 62. gxf5 {[%clk 00:09:12]}
{[%emt 00:00:25]} Rxf5 {[%clk 00:05:16]} {[%emt 00:00:12]} 63. g4 {[%clk
00:09:28]} {[%emt 00:00:14]} Ra5 {[%clk 00:04:43]} {[%emt 00:01:03]} 64. Ke3
{[%clk 00:08:54]} {[%emt 00:01:05]} Ra3+ {[%clk 00:04:23]} {[%emt 00:00:50]}
65. Ke4 {[%clk 00:08:52]} {[%emt 00:00:31]} Ke6 {[%clk 00:03:42]} {[%emt
00:01:10]} 66. Ng3 {[%clk 00:08:25]} {[%emt 00:00:57]} Ra1 {[%clk 00:03:20]}
{[%emt 00:00:52]} 67. Nf5 {[%clk 00:08:24]} {[%emt 00:00:32]} Re1+ {[%clk
00:03:24]} {[%emt 00:00:26]} 68. Ne3 {[%clk 00:08:48]} {[%emt 00:00:06]} Rh1
{[%clk 00:02:17]} {[%emt 00:01:36]} 69. Nf5 {[%clk 00:08:32]} {[%emt 00:00:47]}
Re1+ {[%clk 00:02:17]} {[%emt 00:00:29]} 70. Ne3 {[%clk 00:08:57]} {[%emt
00:00:06]} Re2 {[%clk 00:01:56]} {[%emt 00:00:50]} 71. Kd3 {[%clk 00:08:00]}
{[%emt 00:01:28]} Rh2 {[%clk 00:02:13]} {[%emt 00:00:12]} 72. Nf5 {[%clk
00:07:35]} {[%emt 00:00:56]} Kf6 {[%clk 00:01:44]} {[%emt 00:01:00]} 73. Ke4
{[%clk 00:06:36]} {[%emt 00:01:28]} h5 {[%clk 00:01:43]} {[%emt 00:00:31]} 74.
gxh5 {[%clk 00:06:59]} {[%emt 00:00:07]} Rxh5 {[%clk 00:02:03]} {[%emt
00:00:10]} 75. Ne3 {[%clk 00:07:20]} {[%emt 00:00:09]} Rh1 {[%clk 00:01:17]}
{[%emt 00:01:13]} 76. Ng4+ {[%clk 00:07:19]} {[%emt 00:00:33]} Ke6 {[%clk
00:01:31]} {[%emt 00:00:16]} 77. Ne3 {[%clk 00:07:23]} {[%emt 00:00:28]} Re1
{[%clk 00:01:16]} {[%emt 00:00:43]} 78. f4 {[%clk 00:06:06]} {[%emt 00:01:48]}
gxf4 {[%clk 00:00:45]} {[%emt 00:01:01]} 79. Kxf4 {[%clk 00:06:23]} {[%emt
00:00:13]} Ra1 {[%clk 00:00:42]} {[%emt 00:00:33]} 80. Ke4 {[%clk 00:06:26]}
{[%emt 00:00:27]} Ra4 {[%clk 00:00:37]} {[%emt 00:00:35]} 81. Kd3 {[%clk
00:06:45]} {[%emt 00:00:11]} Kf6 {[%clk 00:00:49]} {[%emt 00:00:18]} 82. Ke4
{[%clk 00:07:02]} {[%emt 00:00:13]} Kg5 {[%clk 00:01:01]} {[%emt 00:00:18]} 83.
Ke5 {[%clk 00:07:12]} {[%emt 00:00:20]} Ra8 {[%clk 00:00:51]} {[%emt 00:00:39]}
84. d5 {[%clk 00:06:50]} {[%emt 00:00:53]} Re8+ {[%clk 00:00:53]} {[%emt
00:00:28]} 85. Kd4 {[%clk 00:07:15]} {[%emt 00:00:04]} Kf4 {[%clk 00:00:40]}
{[%emt 00:00:43]} 86. Nc4 {[%clk 00:07:25]} {[%emt 00:00:20]} Re1 {[%clk
00:00:52]} {[%emt 00:00:18]} 87. d6 Kf5 {[%clk 00:00:52]} 88. Kc5 Ke6 {[%clk
00:00:52]} 89. Nb6 Rc1+ {[%clk 00:00:52]} 90. Nc4 Rc2 {[%clk 00:00:52]} 91. Kb5
Rxc4 {[%clk 00:00:52]} 1/2-1/2